| 000 | 00534nam a2200121Ia 4500 | ||
|---|---|---|---|
| 008 | 220620s9999||||xx |||||||||||||| ||und|| | ||
| 100 | _aBlack, John Andrew | ||
| 245 | 2 |
_aA Short History of Transport in Japan _bfrom Ancient Times to the Present |
|
| 546 | _aEnglish[eng] | ||
| 650 | _aair transport;history;Japan;maritime infrastructure;New Institutional Economics;planning;political economy;rail;roads;society;technology;transport | ||
| 856 | _uhttps://library.oapen.org/bitstream/20.500.12657/53587/1/9781800643581.pdf | ||
| 942 | _cEB | ||
| 999 |
_c22659 _d22659 |
||